Počiatky ekonomického myslenia u nás v období rozpadu feudalizmu a nástupu kapitalizmu (1780-1866), charakteristika hlavných predstaviteľov na Slovensku
Prierez obdobím prechodu od feudalizmu ku kapitalizmu v habsburskej monarchii (1780-1848). Ekonomické názory predstaviteľov slovenského národného obrodenia.
Uložené v:
| Hlavný autor: | |
|---|---|
| Médium: | Kapitola |
| Jazyk: | Slovak |
| Predmet: | |
| Tagy: |
Žiadne tagy, Buďte prvý, kto otaguje tento záznam!
|
MARC
| LEADER | 00000naa$a2200000$$$4500 | ||
|---|---|---|---|
| 001 | 0076147 | ||
| 005 | 20240502071906.5 | ||
| 041 | 0 | |a slo | |
| 044 | |a SK | ||
| 245 | 1 | 0 | |a Počiatky ekonomického myslenia u nás v období rozpadu feudalizmu a nástupu kapitalizmu (1780-1866), charakteristika hlavných predstaviteľov na Slovensku |c Jarmila Petričová |
| 520 | |a Prierez obdobím prechodu od feudalizmu ku kapitalizmu v habsburskej monarchii (1780-1848). Ekonomické názory predstaviteľov slovenského národného obrodenia. | ||
| 610 | 2 | 0 | |a myslenie ekonomické |
| 610 | 2 | 0 | |a feudalizmus |
| 610 | 2 | 0 | |a kapitalizmus |
| 610 | 2 | 0 | |a história |
| 100 | 1 | |a Petričová, Jarmila | |